Sports Quiz

Random Sports or MLB Quiz
Score 0/48 Timer 10:00
0 Plays Today
Year Player % Correct
2001Joe Mauer
90.7%
2009Stephen Strasburg
90.7%
2010Bryce Harper
89.7%
2007David Price
83.5%
1993Alex Rodriguez
75.3%
2005Justin Upton
74.2%
1990Chipper Jones
73.2%
1987Ken Griffey Jr.
70.1%
2000Adrian Gonzalez
63.9%
2006Luke Hochevar
62.9%
1980Darryl Strawberry
60.8%
2011Gerrit Cole
58.8%
1999Josh Hamilton
57.7%
2012Carlos Correa
56.7%
2004Matt Bush
55.7%
2008Tim Beckham
55.7%
1998Pat Burrell
51.5%
2003Delmon Young
50.5%
1991Brien Taylor
48.5%
1997Matt Anderson
46.4%
1994Paul Wilson
44.3%
1989Ben McDonald
41.2%
2002Bryan Bullington
40.2%
1992Phil Nevin
39.2%
Year Player % Correct
1995Darin Erstad
39.2%
1982Shawon Dunston
35.1%
1996Kris Benson
35.1%
1965Rick Monday
30.9%
1988Andy Benes
27.8%
1985B.J. Surhoff
26.8%
1978Bob Horner
24.7%
1977Harold Baines
23.7%
1986Jeff King
21.6%
1969Jeff Burroughs
20.6%
1971Danny Goodwin
20.6%
1975Danny Goodwin
20.6%
1973David Clyde
18.6%
1981Mike Moore
18.6%
1983Tim Belcher
17.5%
1966Steve Chilcott
15.5%
1967Ron Blomberg
15.5%
1968Tim Foli
15.5%
1976Floyd Bannister
15.5%
1984Shawn Abner
14.4%
1972Dave Roberts
13.4%
1979Al Chambers
13.4%
1970Mike Ivie
12.4%
1974Bill Almon
11.3%

You're not logged in!

Compare scores with friends on all Sporcle quizzes.
OR
Log In

Sporcle TV

Today on Sporcle TV


Watch our educational content, quiz creation guides, and fun videos on Sporcle TV.

Show Comments

Extras

Top Quizzes Today


Score Distribution

Paid Content

Your Account Isn't Verified!

In order to create a playlist on Sporcle, you need to verify the email address you used during registration. Go to your Sporcle Settings to finish the process.

Report this User

Report this user for behavior that violates our Community Guidelines.

Details: